|
|
|
|
| LEADER |
00886nam a2200229 a 4500 |
| 001 |
490061 |
| 008 |
090803s1999 enk d 000 0 eng d |
| 010 |
|
|
|a 84199758
|
| 020 |
|
|
|a 01405140X
|
| 040 |
|
|
|a DLC
|c DLC
|d DLC
|
| 082 |
0 |
0 |
|a 909.82/03/21
|2 19
|
| 100 |
1 |
|
|a Palmer, Alan Warwick.
|
| 245 |
1 |
4 |
|a The Penguin dictionary of twentieth-century history /
|c Alan Palmer.
|
| 250 |
|
|
|a 5th ed.
|
| 260 |
|
|
|a Harmondsworth, Middlesex, England ;
|a New York, N.Y., U.S.A. :
|b Penguin Books,
|c 1999.
|
| 300 |
|
|
|a viii, 554 p. ;
|c 20 cm.
|
| 490 |
0 |
|
|a Penguin reference books
|
| 541 |
1 |
|
|e 00014364
|
| 650 |
|
0 |
|a History, Modern
|y 20th century
|x Dictionaries.
|
| 852 |
4 |
|
|a Ayesha Abed Library
|j General shelf
|
| 999 |
|
|
|c 3032
|d 3032
|
| 952 |
|
|
|0 0
|1 4
|2 ddc
|4 0
|6 909_820321000000000_PAL
|7 0
|9 2747
|a BRACUL
|b BRACUL
|c GEN
|d 2009-08-18
|l 0
|o 909.820321 PAL
|p 3010014364
|r 2009-08-18
|t 1
|w 2009-08-18
|y BK
|x Koha Inventory 2020
|